Guess the country by a famous monument - Statistics

General Stats
  • This quiz has been taken 24 times
  • The average score is 14 of 16
Answer Stats
Picture Answer % Correct
Egypt
100%
Italy
100%
Mexico
100%
Netherlands
100%
Russia
100%
Chile
95%
France
95%
Germany
95%
India
95%
Japan
95%
United States of America
95%
Spain
90%
United Arab Emirates
86%
Belgium
81%
Uzbekistan
71%
South Africa
14%
No matching quizzes found
Score Distribution
Percent of People with Each Score
Percentile by Number Answered
Your Score History
You have not taken this quiz